Nelson : (Record no. 618318)

MARC details
000 -LEADER
fixed length control field 00483nam a2200193 a 4500
008 - FIXED-LENGTH DATA ELEMENTS--GENERAL INFORMATION
fixed length control field 260330s2002##################000#0#eng##
020 ## - INTERNATIONAL STANDARD BOOK NUMBER
ISBN 9780747559009
082 04 - DEWEY DECIMAL CLASSIFICATION NUMBER
Classification number 359.0092
Item number COL
100 1# - MAIN ENTRY--AUTHOR NAME
Personal name Coleman, Terry,
245 10 - TITLE STATEMENT
Title Nelson :
260 ## - PUBLICATION, DISTRIBUTION, ETC. (IMPRINT)
Name of publisher Bloomsbury Paperbacks,
Year of publication 2002.
300 ## - PHYSICAL DESCRIPTION
Number of Pages 427 pages
650 #0 - SUBJECT ADDED ENTRY--TOPICAL TERM
Topical Term Admirals.
942 ## - ADDED ENTRY ELEMENTS (KOHA)
Koha item type English Books
Holdings
Withdrawn status Lost status Damaged status Not for loan Home library Current library Shelving location Date acquired Full call number Accession Number Price effective from Koha item type
        Anna Centenary Library Anna Centenary Library 4TH FLOOR, A WING 30.03.2026 359.0092 COL 499144 30.03.2026 English Books

Find us on the map